[Event "Stay Safe Play From Home 263"]
[Site "Emanuel Lasker Arena"]
[Date "2020.06.29"]
[Round "3"]
[White "NeatFox"]
[Black "Fischer_11"]
[Result "0-1"]
[WhiteElo "1864"]
[BlackElo "1911"]
[Annotator "NA"]
[PlyCount "82"]
[EventDate "2020.06.29"]
[EventType "swiss (blitz)"]

1. g4 {[%emt 0:00:03]} g6 {[%emt 0:00:02]} 2. Bg2 {[%emt 0:00:00]} Bg7 {[%emt 0:00:00]} 3. c4 {[%emt 0:00:01]} Nf6 {[%emt 0:00:00]} 4. Qb3 {[%emt 0:00:00]} O-O {[%emt 0:00:00]} 5. Bxb7 {[%emt 0:00:02]} Bxb7 {[%emt 0:00:02]} 6. Qxb7 {[%emt 0:00:00]} Nc6 {[%emt 0:00:01]} 7. Nc3 {[%emt 0:00:01]} Rb8 {[%emt 0:00:03]} 8. Qa6 {[%emt 0:00:00]} Nxg4 {[%emt 0:00:01]} 9. h3 {[%emt 0:00:02]} Nge5 {[%emt 0:00:03]} 10. e3 {[%emt 0:00:02]} Nb4 {[%emt 0:00:03]} 11. Qa4 {[%emt 0:00:01]} Ned3+ {[%emt 0:00:03]} 12. Kf1 {[%emt 0:00:04]} Nxc1 {[%emt 0:00:04]} 13. Rxc1 {[%emt 0:00:01]} c6 {[%emt 0:00:01]} 14. a3 {[%emt 0:00:01]} Nd3 {[%emt 0:00:02]} 15. Rb1 {[%emt 0:00:02]} c5 {[%emt 0:00:03]} 16. Qxa7 {[%emt 0:00:01]} Rxb2 {[%emt 0:00:03]} 17. Rxb2 {[%emt 0:00:01]} Nxb2 {[%emt 0:00:00]} 18. Qxc5 {[%emt 0:00:01]} Qc8 {[%emt 0:00:02]} 19. Qxc8 {[%emt 0:00:07]} Rxc8 {[%emt 0:00:00]} 20. Nf3 {[%emt 0:00:01]} Nxc4 {[%emt 0:00:02]} 21. a4 {[%emt 0:00:02]} Nxd2+ {[%emt 0:00:01]} 22. Nxd2 {[%emt 0:00:01]} Rxc3 {[%emt 0:00:01]} 23. Ke2 {[%emt 0:00:01]} Rc2 {[%emt 0:00:02]} 24. Ra1 {[%emt 0:00:01]} Bxa1 {[%emt 0:00:02]} 25. a5 {[%emt 0:00:00]} Ra2 {[%emt 0:00:02]} 26. a6 {[%emt 0:00:00]} Rxa6 {[%emt 0:00:01]} 27. Nc4 {[%emt 0:00:01]} Bf6 {[%emt 0:00:02]} 28. Kf3 {[%emt 0:00:00]} d5 {[%emt 0:00:01]} 29. Nd2 {[%emt 0:00:01]} Ra2 {[%emt 0:00:02]} 30. Ke2 {[%emt 0:00:01]} Bc3 {[%emt 0:00:01]} 31. Kd3 {[%emt 0:00:00]} Rxd2+ {[%emt 0:00:01]} 32. Kxc3 {[%emt 0:00:01]} Rxf2 {[%emt 0:00:00]} 33. Kd4 {[%emt 0:00:00]} Rf3 {[%emt 0:00:00]} 34. e4 {[%emt 0:00:00]} Rxh3 {[%emt 0:00:00]} 35. exd5 {[%emt 0:00:00]} Rh1 {[%emt 0:00:01]} 36. Kc5 {[%emt 0:00:00]} Rd1 {[%emt 0:00:00]} 37. Kc6 {[%emt 0:00:00]} h5 {[%emt 0:00:00]} 38. Kc7 {[%emt 0:00:00]} h4 {[%emt 0:00:00]} 39. Kd7 {[%emt 0:00:00]} Rxd5+ {[%emt 0:00:01]} 40. Kxe7 {[%emt 0:00:00]} Rf5 {[%emt 0:00:01]} 41. Ke8 {[%emt 0:00:01]} Rf1 {[%emt 0:00:00] NeatFox gibt auf (Lag: Av=0.31s, max=0.8s)} 0-1

[Event "Stay Safe Play From Home 263"]
[Site "Emanuel Lasker Arena"]
[Date "2020.06.29"]
[Round "3"]
[White "Trotsky"]
[Black "GIULIO19031975"]
[Result "1-0"]
[WhiteElo "1606"]
[BlackElo "1793"]
[Annotator "NA"]
[PlyCount "71"]
[EventDate "2020.06.29"]
[EventType "swiss (blitz)"]

1. d4 {[%emt 0:00:01]} d5 {[%emt 0:00:02]} 2. e3 {[%emt 0:00:00]} Nf6 {[%emt 0:00:02]} 3. c3 {[%emt 0:00:01]} Nc6 {[%emt 0:00:01]} 4. c4 {[%emt 0:00:01]} e5 {[%emt 0:00:01]} 5. Nc3 {[%emt 0:00:02]} exd4 {[%emt 0:00:00]} 6. exd4 {[%emt 0:00:01]} Bb4 {[%emt 0:00:02]} 7. Be3 {[%emt 0:00:01]} O-O {[%emt 0:00:01]} 8. c5 {[%emt 0:00:01]} Bxc3+ {[%emt 0:00:01]} 9. bxc3 {[%emt 0:00:01]} Re8 {[%emt 0:00:01]} 10. Qc2 {[%emt 0:00:01]} Ne4 {[%emt 0:00:01]} 11. O-O-O {[%emt 0:00:02]} Qf6 {[%emt 0:00:02]} 12. Bd3 {[%emt 0:00:01]} Bf5 {[%emt 0:00:02]} 13. h4 {[%emt 0:00:02]} h5 {[%emt 0:00:04]} 14. Nf3 {[%emt 0:00:01]} b5 {[%emt 0:00:02]} 15. Ng5 {[%emt 0:00:04]} b4 {[%emt 0:00:03]} 16. f3 {[%emt 0:00:02]} Nxc3 {[%emt 0:00:01]} 17. Bxf5 {[%emt 0:00:02]} Nxa2+ {[%emt 0:00:01]} 18. Kb1 {[%emt 0:00:02]} Rxe3 {[%emt 0:00:02]} 19. Bh7+ {[%emt 0:00:02]} Kf8 {[%emt 0:00:02]} 20. Bd3 {[%emt 0:00:06]} Nc3+ {[%emt 0:00:02]} 21. Kc1 {[%emt 0:00:02]} Nxd4 {[%emt 0:00:01]} 22. Nh7+ {[%emt 0:00:02]} Ke8 {[%emt 0:00:02]} 23. Nxf6+ {[%emt 0:00:01]} gxf6 {[%emt 0:00:00]} 24. Qf2 {[%emt 0:00:04]} Nb3+ {[%emt 0:00:04]} 25. Kc2 {[%emt 0:00:02]} Nd4+ {[%emt 0:00:03]} 26. Kc1 {[%emt 0:00:03]} b3 {[%emt 0:00:01]} 27. Qxe3+ {[%emt 0:00:01]} Kd7 {[%emt 0:00:01]} 28. Bf5+ {[%emt 0:00:01]} Kd8 {[%emt 0:00:02]} 29. Qxc3 {[%emt 0:00:01]} b2+ {[%emt 0:00:01]} 30. Kb1 {[%emt 0:00:01]} Rb8 {[%emt 0:00:00]} 31. Rxd4 {[%emt 0:00:01]} c6 {[%emt 0:00:02]} 32. Rhd1 {[%emt 0:00:02]} Kc7 {[%emt 0:00:00]} 33. Rxd5 {[%emt 0:00:01]} a5 {[%emt 0:00:00]} 34. Rd7+ {[%emt 0:00:01]} Kc8 {[%emt 0:00:01]} 35. Qxa5 {[%emt 0:00:01]} Rb7 {[%emt 0:00:09] '} 36. Qd8# {[%emt 0:00:01] (Lag: Av=1.15s, max=2.2s)} 1-0

[Event "Stay Safe Play From Home 263"]
[Site "Emanuel Lasker Arena"]
[Date "2020.06.29"]
[Round "3"]
[White "Klasman"]
[Black "Souchov"]
[Result "1-0"]
[WhiteElo "1274"]
[BlackElo "2013"]
[Annotator "NA"]
[PlyCount "25"]
[EventDate "2020.06.29"]
[EventType "swiss (blitz)"]

1. f4 {[%emt 0:00:01]} e5 {[%emt 0:00:02]} 2. fxe5 {[%emt 0:00:02]} d6 {[%emt 0:00:01]} 3. Nf3 {[%emt 0:00:01]} dxe5 {[%emt 0:00:01]} 4. e4 {[%emt 0:00:01]} Nc6 {[%emt 0:00:01]} 5. Bc4 {[%emt 0:00:01]} Bc5 {[%emt 0:00:02]} 6. d3 {[%emt 0:00:05]} Bg4 {[%emt 0:00:01]} 7. Bxf7+ {[%emt 0:00:04]} Kxf7 {[%emt 0:00:02]} 8. Ng5+ {[%emt 0:00:01]} Kf8 {[%emt 0:00:00]} 9. Qxg4 {[%emt 0:00:02]} Qe8 {[%emt 0:00:03]} 10. Rf1+ {[%emt 0:00:07]} Nf6 {[%emt 0:00:01]} 11. Ne6+ {[%emt 0:00:02]} Kf7 {[%emt 0:00:02]} 12. Qxg7+ {[%emt 0:00:06]} Kxe6 {[%emt 0:00:01]} 13. Rxf6# {[%emt 0:00:01] (Lag: Av=0.35s, max=0.4s)} 1-0

[Event "Stay Safe Play From Home 263"]
[Site "Emanuel Lasker Arena"]
[Date "2020.06.29"]
[Round "4"]
[White "Uber_WING"]
[Black "SoulofWolf"]
[Result "1-0"]
[WhiteElo "2470"]
[BlackElo "2164"]
[PlyCount "61"]
[EventDate "2020.06.29"]
[EventType "swiss (blitz)"]

1. e4 {[%emt 0:00:01]} e6 {[%emt 0:00:00]} 2. Nc3 {[%emt 0:00:00]} d5 {[%emt 0:00:00]} 3. d4 {[%emt 0:00:00]} Ne7 {[%emt 0:00:00]} 4. e5 {[%emt 0:00:01]} c6 {[%emt 0:00:01]} 5. f4 {[%emt 0:00:00]} Nd7 {[%emt 0:00:00]} 6. Nf3 {[%emt 0:00:00]} Ng6 {[%emt 0:00:00]} 7. Bd3 {[%emt 0:00:00]} Be7 {[%emt 0:00:00]} 8. f5 {[%emt 0:00:00]} exf5 {[%emt 0:00:01]} 9. Bxf5 {[%emt 0:00:00]} Nb6 {[%emt 0:00:01]} 10. Bxc8 {[%emt 0:00:01]} Qxc8 {[%emt 0:00:00]} 11. O-O {[%emt 0:00:00]} Qg4 {[%emt 0:00:01]} 12. b3 {[%emt 0:00:03]} O-O {[%emt 0:00:01]} 13. a4 {[%emt 0:00:01]} a5 {[%emt 0:00:03]} 14. Ne2 {[%emt 0:00:01]} f5 {[%emt 0:00:03]} 15. h3 {[%emt 0:00:03]} Qh5 {[%emt 0:00:02]} 16. Ng3 {[%emt 0:00:01]} Qh4 {[%emt 0:00:05]} 17. Nxh4 {[%emt 0:00:01]} Bxh4 {[%emt 0:00:01]} 18. Nxf5 {[%emt 0:00:01]} Bd8 {[%emt 0:00:03]} 19. Qg4 {[%emt 0:00:00]} Bc7 {[%emt 0:00:02]} 20. Ba3 {[%emt 0:00:02]} Rf7 {[%emt 0:00:01]} 21. Bd6 {[%emt 0:00:01]} Bd8 {[%emt 0:00:01]} 22. Bc5 {[%emt 0:00:01]} Nd7 {[%emt 0:00:02]} 23. Nd6 {[%emt 0:00:01]} Rxf1+ {[%emt 0:00:01]} 24. Rxf1 {[%emt 0:00:00]} Ndf8 {[%emt 0:00:01]} 25. e6 {[%emt 0:00:04]} Be7 {[%emt 0:00:01]} 26. Nf5 {[%emt 0:00:01]} Bxc5 {[%emt 0:00:01]} 27. dxc5 {[%emt 0:00:00]} Nxe6 {[%emt 0:00:01]} 28. Nh6+ {[%emt 0:00:01]} gxh6 {[%emt 0:00:03]} 29. Qxe6+ {[%emt 0:00:00]} Kh8 {[%emt 0:00:02]} 30. Rf7 {[%emt 0:00:02]} Rg8 {[%emt 0:00:01]} 31. Qf6+ {[%emt 0:00:01] SoulofWolf poddaje siê (Lag: Av=0.71s, max=1.0s)} 1-0

[Event "Stay Safe Play From Home 263"]
[Site "Emanuel Lasker Arena"]
[Date "2020.06.29"]
[Round "4"]
[White "Mepe_Nika"]
[Black "Jhhonnyy"]
[Result "1/2-1/2"]
[WhiteElo "2409"]
[BlackElo "2388"]
[Annotator "TA"]
[PlyCount "94"]
[EventDate "2020.06.29"]
[EventType "swiss (blitz)"]

{[%evp 9,94,75,77,76,140,144,216,213,285,161,166,164,201,150,150,113,152,87,87,87,95,99,92,86,93,93,87,75,91,75,79,76,76,76,81,74,79,75,77,74,85,85,88,73,92,82,106,106,106,106,106,106,106,85,85,85,92,85,85,85,85,51,51,12,58,58,58,58,56,56,74,63,64,63,64,54,54,54,63,54,63,0,63,0,63,0,63]} 1. d4 Nf6 2. Bf4 g6 3. Nc3 d6 4. e4 Nh5 5. Be3 Bg7 6. Qd2 {[#] B07: Pirc Defence: Miscellaneous Systems.} c5 $146 (6... c6 $142) ({Predecessor:} 6... O-O 7. O-O-O b6 8. Bh6 Bb7 9. g4 Nf6 10. f3 Nc6 11. h4 e5 12. Bxg7 Kxg7 {1-0 (56) Schmidt,E (2011)-Erdmann,W (1531) Bad Woerishofen 2003}) 7. dxc5 $16 Qa5 (7... dxc5 $16 {was worth a try.} 8. Qxd8+ (8. Bxc5 Qxd2+ 9. Kxd2 O-O $16) 8... Kxd8 9. O-O-O+ (9. Bxc5 Bxc3+ 10. bxc3 Nc6 $16) 9... Nd7 10. Bxc5 Bxc3) 8. Nd5 $18 {White is clearly better.} Qxd2+ 9. Kxd2 (9. Bxd2 $142 {And now Nc7+ would win.} Be6 10. Nc7+ {[%mdl 64] Double Attack} Kd7 11. Nxa8) 9... Kd8 10. cxd6 exd6 11. c3 Be6 12. Be2 Nf6 13. Bg5 (13. Nxf6 $142 Bxf6 14. Nf3) 13... Bxd5 $16 14. exd5 h6 15. Bxf6+ Bxf6 16. Nf3 Nd7 17. Rhe1 Re8 18. Bd3 Kc7 19. Rxe8 (19. Kc2 {with more complications.} Nb6 20. Nd2 a6 21. g3 Na4 22. f4) 19... Rxe8 20. Re1 (20. Bb5 {seems wilder.} Rc8 21. Bxd7 Kxd7 22. Kc2 b5 23. Kb3) 20... Rxe1 21. Nxe1 {[%mdl 4096] Endgame KBN-KBN} Nb6 22. Be4 Nd7 23. b3 Bg7 24. c4 Nc5 25. Bc2 a5 26. Nf3 Kd7 27. Ke3 b6 28. Nd4 Kc7 29. Nb5+ Kd7 30. f4 Bf6 31. f5 g5 32. g4 Be7 33. Nd4 Bf6 34. Nc6 Kc7 35. a3 Nd7 36. b4 axb4 (36... Bb2 {feels hotter.} 37. Bd1 Bxa3 38. bxa5 bxa5 39. Nxa5 Bc1+) 37. axb4 Ne5 38. Nxe5 Bxe5 $14 {KB-KB} 39. h3 f6 40. Ke4 Kb7 41. Ba4 Kc7 42. Bc6 Bc3 43. b5 Be5 44. Kd3 Bf4 45. Ke4 Be5 46. Kd3 Bf4 47. Ke4 Be5 {Black escapes into a draw. Accuracy: White = 84%, Black = 80%.} 1/2-1/2

[Event "Stay Safe Play From Home 263"]
[Site "Emanuel Lasker Arena"]
[Date "2020.06.29"]
[Round "4"]
[White "Tolka"]
[Black "Lamborghini"]
[Result "0-1"]
[WhiteElo "2322"]
[BlackElo "2268"]
[Annotator "TA"]
[PlyCount "72"]
[EventDate "2020.06.29"]
[EventType "swiss (blitz)"]

{[%evp 16,71,-3,-12,-9,-8,0,-18,6,-52,-65,-48,18,16,8,21,54,35,41,49,47,35,38,38,154,21,37,24,47,24,51,10,25,24,48,-97,-89,-142,-99,-120,-115,-29988,-346,-318,-342,-350,-338,-319,0,-14,-12,-12,-15,-29989,-29990,-29998,-29999,-29999]} 1. e4 c5 2. Nc3 d6 3. Bb5+ Bd7 4. a4 Nc6 5. f4 a6 6. Bxc6 Bxc6 7. Nf3 e6 8. d3 Nf6 9. O-O Be7 {B23: Closed Sicilian: Lines without g3.} 10. Qe1 O-O 11. Qg3 {[#]} Kh8 $146 {The position is equal.} ({Predecessor:} 11... b5 12. axb5 axb5 13. Rxa8 Qxa8 14. f5 exf5 15. exf5 Re8 16. Bh6 Bf8 17. Bg5 Be7 18. Bh6 Bf8 19. Bg5 {½-½ (19) Aprile,M (1920)-Santolini,L (2157) Chioggia 2012}) 12. f5 (12. e5 $11 Nd5 13. exd6 Qxd6 14. Ne4) 12... exf5 $15 13. exf5 Bxf3 (13... Re8 $15) 14. Qxf3 $11 d5 15. Bg5 d4 16. Bxf6 Bxf6 17. Ne4 Qd5 18. b3 Rae8 19. Rae1 Qd8 (19... Be5 $14) 20. g4 ({Don't go for} 20. Nxc5 $2 Rxe1 21. Rxe1 Qa5 $19) (20. Nxf6 $16 Qxf6 21. Qxb7) 20... b6 21. a5 Bh4 22. Re2 bxa5 23. Nxc5 Rxe2 (23... Re3 $5 {[%cal Re3f3]} 24. Rxe3 dxe3 $11) 24. Qxe2 Bg5 25. Qf3 (25. Ne4 $14 {stays ahead.}) 25... Be3+ $17 26. Kg2 (26. Kh1 $142) 26... Qc7 27. Qd5 Rd8 28. Nxa6 $2 {[%mdl 8192] [#]} (28. Qc4 $17) 28... Qc8 $2 ({Not} 28... Rxd5 29. Nxc7 Rc5 30. Ne8 $11) (28... Qxc2+ {mates} 29. Kg3 Rxd5 30. Rf3 Qc6 31. Nb4 Qd6+ {[%mdl 64] Double Attack} 32. Kh3 Qxb4 33. g5 Bxg5 34. Kg2 Qxb3 35. Kg3 Be3 36. h4 Qxd3 37. f6 Qe2 38. Rxe3 Qxe3+ 39. Kg2 gxf6 40. Kf1 Rf5+ 41. Kg2 Rf2+ 42. Kh1 Qe1#) 29. Qc4 $19 Qb7+ 30. Rf3 Rc8 31. Nc5 {[#]} Qc6 $2 (31... Qa7 $1 $19 32. Qd5 Qxc5 33. Qxc5 Rxc5) 32. Ne4 {Strongly threatening Nd6!} Qd7 $36 {[%mdl 2048] Black is more active.} 33. Qa4 Rxc2+ 34. Kg3 $2 {[%mdl 8192]} (34. Kh3 $11 Qxa4 35. bxa4) 34... Qc7+ {Black mates.} 35. Rf4 Qxf4+ 36. Kh4 Rxh2# {Accuracy: White = 45%, Black = 70%.} 0-1

[Event "Stay Safe Play From Home 263"]
[Site "Emanuel Lasker Arena"]
[Date "2020.06.29"]
[Round "4"]
[White "Praveen prasad"]
[Black "BrainThinker22"]
[Result "0-1"]
[WhiteElo "2243"]
[BlackElo "2229"]
[Annotator "NA"]
[PlyCount "106"]
[EventDate "2020.06.29"]
[EventType "swiss (blitz)"]

1. e4 {[%emt 0:00:01]} c6 {[%emt 0:00:01]} 2. Nf3 {[%emt 0:00:01]} d5 {[%emt 0:00:00]} 3. exd5 {[%emt 0:00:00]} cxd5 {[%emt 0:00:00]} 4. d4 {[%emt 0:00:00]} Nc6 {[%emt 0:00:00]} 5. Bd3 {[%emt 0:00:01]} Nf6 {[%emt 0:00:00]} 6. c3 {[%emt 0:00:01]} Bg4 {[%emt 0:00:00]} 7. h3 {[%emt 0:00:01]} Bh5 {[%emt 0:00:02]} 8. Bf4 {[%emt 0:00:01]} Bg6 {[%emt 0:00:02]} 9. O-O {[%emt 0:00:01]} Bxd3 {[%emt 0:00:01]} 10. Qxd3 {[%emt 0:00:00]} e6 {[%emt 0:00:00]} 11. Ne5 {[%emt 0:00:01]} Bd6 {[%emt 0:00:01]} 12. Re1 {[%emt 0:00:01]} O-O {[%emt 0:00:01]} 13. Nd2 {[%emt 0:00:01]} Bxe5 {[%emt 0:00:00]} 14. Bxe5 {[%emt 0:00:01]} Nxe5 {[%emt 0:00:01]} 15. Rxe5 {[%emt 0:00:03]} Rc8 {[%emt 0:00:01]} 16. Re3 {[%emt 0:00:01]} Qb6 {[%emt 0:00:02]} 17. b4 {[%emt 0:00:02]} Rfe8 {[%emt 0:00:01]} 18. Nb3 {[%emt 0:00:04]} Nd7 {[%emt 0:00:01]} 19. a4 {[%emt 0:00:02]} a6 {[%emt 0:00:02]} 20. a5 {[%emt 0:00:01]} Qc7 {[%emt 0:00:01]} 21. Nc5 {[%emt 0:00:01]} Nxc5 {[%emt 0:00:01]} 22. bxc5 {[%emt 0:00:01]} Qe7 {[%emt 0:00:04]} 23. Qe2 {[%emt 0:00:01]} Qf6 {[%emt 0:00:01]} 24. Re5 {[%emt 0:00:01]} Qg6 {[%emt 0:00:01]} 25. Qb2 {[%emt 0:00:03]} Rc7 {[%emt 0:00:01]} 26. Qb1 {[%emt 0:00:01]} Rec8 {[%emt 0:00:02]} 27. Qxg6 {[%emt 0:00:01]} hxg6 {[%emt 0:00:00]} 28. Rb1 {[%emt 0:00:00]} Kf8 {[%emt 0:00:01]} 29. Rb6 {[%emt 0:00:01]} Ke7 {[%emt 0:00:01]} 30. Rd6 {[%emt 0:00:02]} Rd7 {[%emt 0:00:02]} 31. Rb6 {[%emt 0:00:01]} Rcc7 {[%emt 0:00:01]} 32. Re2 {[%emt 0:00:01]} g5 {[%emt 0:00:04]} 33. g3 {[%emt 0:00:01]} g6 {[%emt 0:00:00]} 34. Kg2 {[%emt 0:00:01]} Kd8 {[%emt 0:00:01]} 35. Re5 {[%emt 0:00:01]} g4 {[%emt 0:00:03]} 36. hxg4 {[%emt 0:00:01]} Kc8 {[%emt 0:00:00]} 37. Re1 {[%emt 0:00:01]} Rc6 {[%emt 0:00:01]} 38. Rb4 {[%emt 0:00:03]} Rdc7 {[%emt 0:00:01]} 39. Rh1 {[%emt 0:00:01]} Kd7 {[%emt 0:00:01]} 40. g5 {[%emt 0:00:00]} Ke7 {[%emt 0:00:01]} 41. Kf3 {[%emt 0:00:00]} Rd7 {[%emt 0:00:00]} 42. Kf4 {[%emt 0:00:01]} Rcc7 {[%emt 0:00:00]} 43. Ke5 {[%emt 0:00:01]} Kf8 {[%emt 0:00:01]} 44. Rbb1 {[%emt 0:00:02]} Kg7 {[%emt 0:00:01]} 45. Rh6 {[%emt 0:00:01]} f6+ {[%emt 0:00:04]} 46. Kf4 {[%emt 0:00:01]} e5+ {[%emt 0:00:02]} 47. Kg4 {[%emt 0:00:01]} f5+ {[%emt 0:00:01]} 48. Kf3 {[%emt 0:00:01]} Kf7 {[%emt 0:00:02]} 49. Rbh1 {[%emt 0:00:02]} Ke6 {[%emt 0:00:01]} 50. Ke3 {[%emt 0:00:01]} Rg7 {[%emt 0:00:01]} 51. Kd2 {[%emt 0:00:01]} f4 {[%emt 0:00:00]} 52. Re1 {[%emt 0:00:01]} Kf5 {[%emt 0:00:00]} 53. gxf4 {[%emt 0:00:01]} Kg4 {[%emt 0:00:00] Time (Lag: Av=0.62s, max=1.2s) .} 0-1

[Event "Stay Safe Play From Home 263"]
[Site "Emanuel Lasker Arena"]
[Date "2020.06.29"]
[Round "4"]
[White "Weltszmerc"]
[Black "Lazieri3"]
[Result "1-0"]
[WhiteElo "2118"]
[BlackElo "2103"]
[Annotator "NA"]
[PlyCount "117"]
[EventDate "2020.06.29"]
[EventType "swiss (blitz)"]

1. d4 {[%emt 0:00:01]} c6 {[%emt 0:00:00]} 2. c4 {[%emt 0:00:01]} d5 {[%emt 0:00:00]} 3. Nf3 {[%emt 0:00:00]} Nf6 {[%emt 0:00:01]} 4. g3 {[%emt 0:00:00]} Bf5 {[%emt 0:00:01]} 5. Qb3 {[%emt 0:00:00]} Qc8 {[%emt 0:00:00]} 6. Nc3 {[%emt 0:00:02]} dxc4 {[%emt 0:00:01]} 7. Qxc4 {[%emt 0:00:01]} b6 {[%emt 0:00:00]} 8. Ne5 {[%emt 0:00:02]} Be6 {[%emt 0:00:01]} 9. Qd3 {[%emt 0:00:01]} Nd5 {[%emt 0:00:02]} 10. Bg2 {[%emt 0:00:04]} Nxc3 {[%emt 0:00:01]} 11. bxc3 {[%emt 0:00:01]} f6 {[%emt 0:00:01]} 12. Nf3 {[%emt 0:00:04]} Bh3 {[%emt 0:00:01]} 13. O-O {[%emt 0:00:03]} h5 {[%emt 0:00:00]} 14. Qg6+ {[%emt 0:00:01]} Kd8 {[%emt 0:00:02]} 15. Nh4 {[%emt 0:00:01]} Qg4 {[%emt 0:00:03]} 16. Qxg4 {[%emt 0:00:02]} Bxg4 {[%emt 0:00:00]} 17. Ng6 {[%emt 0:00:02]} Rg8 {[%emt 0:00:01]} 18. Nxf8 {[%emt 0:00:03]} Rxf8 {[%emt 0:00:01]} 19. d5 {[%emt 0:00:00]} Bd7 {[%emt 0:00:07]} 20. Rd1 {[%emt 0:00:02]} Kc8 {[%emt 0:00:02]} 21. c4 {[%emt 0:00:04]} cxd5 {[%emt 0:00:01]} 22. cxd5 {[%emt 0:00:01]} e5 {[%emt 0:00:05]} 23. dxe6 {[%emt 0:00:03]} Bc6 {[%emt 0:00:01]} 24. Ba3 {[%emt 0:00:03]} Re8 {[%emt 0:00:01]} 25. Bh3 {[%emt 0:00:02]} Kb7 {[%emt 0:00:02]} 26. Rac1 {[%emt 0:00:02]} Na6 {[%emt 0:00:01]} 27. Rxc6 {[%emt 0:00:02]} Kxc6 {[%emt 0:00:00]} 28. Bg2+ {[%emt 0:00:00]} Kb5 {[%emt 0:00:04]} 29. Bxa8 {[%emt 0:00:02]} Rxa8 {[%emt 0:00:00]} 30. e7 {[%emt 0:00:00]} Nc7 {[%emt 0:00:04]} 31. Rd8 {[%emt 0:00:01]} Nd5 {[%emt 0:00:06]} 32. Rxa8 {[%emt 0:00:03]} Nxe7 {[%emt 0:00:01]} 33. Bxe7 {[%emt 0:00:00]} a5 {[%emt 0:00:02]} 34. Bf8 {[%emt 0:00:00]} g6 {[%emt 0:00:01]} 35. Bg7 {[%emt 0:00:00]} f5 {[%emt 0:00:00]} 36. Be5 {[%emt 0:00:00]} Ka4 {[%emt 0:00:00]} 37. f4 {[%emt 0:00:00]} b5 {[%emt 0:00:00]} 38. Rb8 {[%emt 0:00:00]} b4 {[%emt 0:00:00]} 39. Bc7 {[%emt 0:00:01]} Ka3 {[%emt 0:00:00]} 40. Bxa5 {[%emt 0:00:01]} Kxa2 {[%emt 0:00:00]} 41. Bxb4 {[%emt 0:00:00]} Kb3 {[%emt 0:00:00]} 42. Be7+ {[%emt 0:00:00]} Kc4 {[%emt 0:00:00]} 43. Rb6 {[%emt 0:00:00]} Kd5 {[%emt 0:00:00]} 44. Rxg6 {[%emt 0:00:00]} h4 {[%emt 0:00:00]} 45. Rg5 {[%emt 0:00:00]} hxg3 {[%emt 0:00:00]} 46. hxg3 {[%emt 0:00:00]} Ke4 {[%emt 0:00:00]} 47. Kf2 {[%emt 0:00:00]} Kd5 {[%emt 0:00:01]} 48. Rxf5+ {[%emt 0:00:00]} Ke4 {[%emt 0:00:00]} 49. Re5+ {[%emt 0:00:00]} Kd4 {[%emt 0:00:00]} 50. g4 {[%emt 0:00:00]} Kc4 {[%emt 0:00:00]} 51. g5 {[%emt 0:00:00]} Kb3 {[%emt 0:00:00]} 52. g6 {[%emt 0:00:00]} Kc4 {[%emt 0:00:00]} 53. g7 {[%emt 0:00:00]} Kb3 {[%emt 0:00:00]} 54. g8=Q+ {[%emt 0:00:00]} Kc2 {[%emt 0:00:01]} 55. Qd5 {[%emt 0:00:00]} Kb1 {[%emt 0:00:01]} 56. Re6 {[%emt 0:00:00]} Ka1 {[%emt 0:00:00]} 57. Rc6 {[%emt 0:00:00]} Kb1 {[%emt 0:00:01]} 58. Qb5+ {[%emt 0:00:00]} Ka1 {[%emt 0:00:00]} 59. Ra6# {[%emt 0:00:00] (Lag: Av=1.12s, max=5.3s)} 1-0

[Event "Stay Safe Play From Home 263"]
[Site "Emanuel Lasker Arena"]
[Date "2020.06.29"]
[Round "4"]
[White "Bardellosport"]
[Black "Trotsky"]
[Result "1-0"]
[WhiteElo "1982"]
[BlackElo "1631"]
[Annotator "NA"]
[PlyCount "57"]
[EventDate "2020.06.29"]
[EventType "swiss (blitz)"]

1. d4 {[%emt 0:00:01]} d5 {[%emt 0:00:01]} 2. Nf3 {[%emt 0:00:00]} e6 {[%emt 0:00:00]} 3. g3 {[%emt 0:00:00]} c5 {[%emt 0:00:01]} 4. Bg2 {[%emt 0:00:00]} Nc6 {[%emt 0:00:01]} 5. O-O {[%emt 0:00:01]} c4 {[%emt 0:00:01]} 6. c3 {[%emt 0:00:01]} Bd6 {[%emt 0:00:01]} 7. Nbd2 {[%emt 0:00:00]} Qc7 {[%emt 0:00:00]} 8. Qe1 {[%emt 0:00:01]} Bd7 {[%emt 0:00:01]} 9. e4 {[%emt 0:00:00]} O-O-O {[%emt 0:00:01]} 10. e5 {[%emt 0:00:01]} Be7 {[%emt 0:00:02]} 11. b3 {[%emt 0:00:02]} f6 {[%emt 0:00:01]} 12. exf6 {[%emt 0:00:01]} Nxf6 {[%emt 0:00:01]} 13. bxc4 {[%emt 0:00:00]} Ng4 {[%emt 0:00:02]} 14. cxd5 {[%emt 0:00:02]} exd5 {[%emt 0:00:04]} 15. h3 {[%emt 0:00:02]} h5 {[%emt 0:00:01]} 16. Ne5 {[%emt 0:00:01]} Bd6 {[%emt 0:00:06]} 17. f4 {[%emt 0:00:01]} Ncxe5 {[%emt 0:00:05]} 18. fxe5 {[%emt 0:00:01]} Nxe5 {[%emt 0:00:09]} 19. dxe5 {[%emt 0:00:01]} Bxe5 {[%emt 0:00:01]} 20. Nf3 {[%emt 0:00:02]} Bxg3 {[%emt 0:00:02]} 21. Qd2 {[%emt 0:00:01]} Bc6 {[%emt 0:00:02]} 22. Nd4 {[%emt 0:00:02]} Bh2+ {[%emt 0:00:03]} 23. Kh1 {[%emt 0:00:01]} Bd6 {[%emt 0:00:06]} 24. Qg5 {[%emt 0:00:01]} Rdf8 {[%emt 0:00:03]} 25. Be3 {[%emt 0:00:03]} g6 {[%emt 0:00:03]} 26. Nxc6 {[%emt 0:00:02]} bxc6 {[%emt 0:00:01]} 27. Rac1 {[%emt 0:00:00]} Rf7 {[%emt 0:00:02]} 28. Rxf7 {[%emt 0:00:02] .} Qxf7 {[%emt 0:00:01]} 29. Rf1 {[%emt 0:00:00] Âðåìÿ (Lag: Av=0.24s, max=0.4s)} 1-0